MARC

LEADER 00000nam0a2200000 4500
001 276763
005 20231101234942.0
020 |a RU  |b 85-73738 
035 |a (RuTPU)RU\TPU\book\300036 
090 |a 276763 
100 |a 20141126d1985 km y0rusy5003 ca 
101 0 |a rus 
102 |a UA 
105 |a a z 100zy 
200 1 |a Лаврентьевские чтения по математике, механике и физике  |e тезисы докладов II Всесоюзной конференции, 9-11 сентября 1985 г.  |f Академия наук СССР (АН СССР) ; Академия наук Украинской ССР (АН УССР), Институт математики ; Лаврентьевские чтения по математике, механике и физике 
210 |a Киев  |c Изд-во ин-та математики АН УССР  |d 1985 
215 |a 234 с.  |c ил. 
606 1 |a Математика  |2 stltpush  |3 (RuTPU)RU\TPU\subj\67327  |9 83171 
606 1 |a Физика  |2 stltpush  |3 (RuTPU)RU\TPU\subj\63709  |9 80688 
606 1 |a Механика  |2 stltpush  |3 (RuTPU)RU\TPU\subj\67812  |9 83462 
610 1 |a дифференциальные уравнения 
610 1 |a функции 
610 1 |a краевые задачи 
610 1 |a аналитические функции 
610 1 |a квазиконформные отображения 
610 1 |a механика сплошных сред 
610 1 |a решения 
610 1 |a методы 
610 1 |a вычислительные эксперименты 
610 1 |a взрывные процессы 
610 1 |a нагрузки 
610 1 |a детанация 
610 1 |a конференции 
675 |a 51(063)  |z rus  |v 4 
675 |a 53(063)  |z rus  |v 4 
675 |a 531(063)  |z rus  |v 4 
712 0 2 |a Академия наук СССР (АН СССР)  |c (1925-1991)  |2 stltpush  |3 (RuTPU)RU\TPU\col\722 
712 0 2 |a Академия наук Украинской ССР (АН УССР)  |b Институт математики  |2 stltpush  |3 (RuTPU)RU\TPU\col\11281 
712 1 2 |a Лаврентьевские чтения по математике, механике и физике  |c конференция  |d 2  |e Киев  |f 1985 
801 0 |a RU  |b RuMRKP  |c 19950704  |g psbo 
801 1 |a RU  |b 63413507  |c 20141126 
801 2 |a RU  |b 63413507  |c 20170403  |g RCR 
942 |c BK